Dictionnaire De Didactique Du Francais: Langue Entrangere Et Seconde (Record no. 3539)

MARC details
005 - DATE AND TIME OF LATEST TRANSACTION
control field 20250609142959.0
020 ## - INTERNATIONAL STANDARD BOOK NUMBER
International Standard Book Number 209-033972-1
082 ## - DEWEY DECIMAL CLASSIFICATION NUMBER
Classification number REF 403 CUQ
100 ## - MAIN ENTRY--PERSONAL NAME
Author name CUQ, J. P.
245 ## - TITLE STATEMENT
Title Dictionnaire De Didactique Du Francais: Langue Entrangere Et Seconde
260 ## - PUBLICATION, DISTRIBUTION, ETC.
Place of publication, distribution, etc. Universite Paris 3,
Name of publisher, distributor, etc. Louis Porcher,
Date of publication, distribution, etc. 1990.
300 ## - PHYSICAL DESCRIPTION
Extent 303p.:
Other physical details Bibliographie.
Dimensions 25cm.
942 ## - ADDED ENTRY ELEMENTS (KOHA)
Source of classification or shelving scheme Dewey Decimal Classification
Koha item type Books
Holdings
Date last seen Total checkouts Full call number Barcode Cost, replacement price Price effective from Koha item type Lost status Source of classification or shelving scheme Damaged status Not for loan Withdrawn status Home library Current library Shelving location Date acquired Cost, normal purchase price
06/09/2025   REF 403 CUQ 00000011759 112518.00 06/09/2025 Books   Dewey Decimal Classification       College of Business Education Main Library College of Business Education Main Library Reference Collection 12/17/2007 37506.00